SELÇUKLU TARİHİ-2 (Record no. 800837)
[ view plain ]
| 000 -LEADER | |
|---|---|
| sabit uzunluktaki kontrol alanı | 00251nam a2200097Ia 4500 |
| 001 - KONTROL NUMARASI | |
| kontrol alanı | 800837 |
| 005 - EN SON İŞLEMİN TARİH VE ZAMANI | |
| kontrol alanı | 20250826171026.0 |
| 008 - SABİT-UZUNLUKTA VERİ ÖĞELERİ--GENEL BİLGİ | |
| sabit uzunluktaki kontrol alanı | 250824s9999 xx 000 0 und d |
| 245 #0 - ESER / YAZAR | |
| ESER ADI | SELÇUKLU TARİHİ-2 |
| Yazar Adı | ZEHRA AYGÜL |
| 260 ## - YAYIN, DAĞITIM, VB. | |
| YAYIN EVİ | UĞUR BÖCEĞİ YAYINLARI |
| Düşüm durumu | Kayıp durumu | Hasar Durumu | Ödünç verilmez | Ana kütüphane | Geçerli Kütüphane | Edinilen tarih | Toplam ödünç verme sayısı | Barkod | Son görüntüleme tarihi | Son ödünç verme tarihi | Fiyatın geçerli olmaya başladığı tarih | Koha materyal türü |
|---|---|---|---|---|---|---|---|---|---|---|---|---|
| SANCAK ORTAOKULU | SANCAK ORTAOKULU | 24.08.2025 | 1 | 10344113 | 15.01.2026 | 02.01.2026 | 26.08.2025 | Books |